Handelstechnologische Übungen

Salvato in:
Dettagli Bibliografici
Autore principale: Bönewitz, Walter
Altri autori: Hackenberg, Gerhard, Hirsekorn, Armin
Natura: Libro
Lingua:tedesco
Pubblicazione: Berlin Wirtschaft 1985
Tags: Aggiungi Tag
Nessun Tag, puoi essere il primo ad aggiungerne!!

MARC

LEADER 00000nam a2200000 4500
001 c023377
005 20250929123437.8
041 0 |a ger 
044 |a DE 
245 1 0 |a Handelstechnologische Übungen  |c Walter Bönewitz, Gerhard Hackenberg, Armin Hirsekorn 
264 1 |a Berlin  |b Wirtschaft  |c 1985 
300 |a 164 s. 
100 1 |a Bönewitz, Walter 
700 1 |a Hackenberg, Gerhard 
700 1 |a Hirsekorn, Armin